000 00513nam a2200217Ia 4500
003 0100
008 130303s9999 xx 000 0 und d
020 _a860782948
040 _cARRUPELIB
050 _aBR165.C4831991
100 _aChadwick, Henry
245 _aHeresy and orthodoxy in the early church
260 _aAldershot
260 _bVariorum
260 _C1991
300 _a24cm.
650 _bEurope--Civilization
650 _cEthnocentrism--Europe
700 _aHenry Chadwick
942 0 0 _01
999 _c9517
_d9517